| 000 | 00663cam a22002293a 4500 | ||
|---|---|---|---|
| 001 | 2797 | ||
| 003 | PGUSA | ||
| 005 | 20140828083021.0 | ||
| 008 | 060327s2006||||xxu|||||s|||||000 | eng d | ||
| 040 |
_aPGUSA _beng |
||
| 042 | _adc | ||
| 050 | 4 | _aPR | |
| 100 | 1 |
_aThackeray, William Makepeace, _d1811-1863 |
|
| 245 | 1 | 4 |
_aThe Wolves and the Lamb _h[electronic resource] / _cWilliam Makepeace Thackeray |
| 260 |
_bProject Gutenberg, _c2006 |
||
| 506 | _aPublic domain in the USA. | ||
| 516 | _aElectronic text | ||
| 653 | _aEnglish drama -- 19th century | ||
| 830 | 0 |
_aProject Gutenberg _v2797 |
|
| 856 | 4 | 0 | _uhttp://www.gutenberg.org/ebooks/2797 |
| 942 | _cEB | ||
| 999 |
_c232129 _d232129 |
||